000 00666nam a2200229Ia 4500
003 OSt
005 20220927104819.0
006 a|||||r|||| 00| 0
007 ta
008 220926b |||||||| |||| 00| 0 eng d
024 _a151848
037 _cReference Collections
040 _aRTL
_cRTL
_beng
041 _2eng
_aeng
082 _a"X755.4.N9, N6/UN"
110 _a"UN, Commission on Trade and Development"
_9367473
245 0 _aSharing Asian's dynamism
260 _c1996
700 _a"UN, Commission on Trade and Development"
_9367474
942 _h"X755.4.N9, N6/UN"
_cCC
999 _c688790
_d688790